000 00289nam a22001337a 4500
008 260218b ||||| |||| 00| 0 eng d
020 _a9788800806763
041 _aeng
080 _a2.1
100 _a20.1
101 _aital
245 _aIL Segreto
_cSofia L.Arconati
942 _2lcc
_cBK
999 _c60809
_d60809